Formule 1 - Vainqueurs du GP de Bakou, Azerbaidjan - Statistiques

Statistiques générales
  • Ce quiz a été pris 88 fois
    29 depuis la dernière actualisation
  • Le résultat moyen est 8 sur 8
Statistiques - réponses
Années Pilotes % Correct
2018 Lewis Hamilton
100%
2022 Max Verstappen
100%
2025 Max Verstappen
100%
2021 Sergio Pérez
95%
2023 Sergio Pérez
95%
2019 Valtteri Bottas
95%
2024 Oscar Piastri
90%
2017 Daniel Ricciardo
80%
Aucun quiz correspondant
Distribution des résultats
% des personnes avec chaque résultat
Percentile par nombre de réponses
Votre historique - résultats
Vous n’avez pas pris ce quiz depuis la dernière actualisation